00776nam a2200205 a 450000100100000000500170001000800410002702000150006804000250008308200150010810000350012324500790015826000640023730000200030149000380032158600360035983000450039595201130044099900170055300004231420201002040055.0131122s1975 sp 000 0 spa d a840181023X aDO-SdBNPbspacBNPHU axxxbM386a1 aMartinson, Harryd1904-96936810aAntología Poética /cHarry Martinson ; Versión de Francisco J. Uriz. aBarcelona :bPlaza & JanésbEsplugas de Llobregat,c1975. a242 p ;c20 cm.1 aSelecciones de poesía universal aPremio Nobel de Literatura 1974 0aSelecciones de poesía universal969369 001050718MOaGRbGRcCTd2013-11-22iLF1l0oxxx M386ap42314-10r2020-06-25w2020-06-25y1ZNo se presta c41803d41803